Normal view MARC view
  • ITALIA (DIRIGIBLE)

Entry Nombre Corporativo

Number of records used in: 1

001 - NÚMERO DE CONTROL

  • campo de control: 43968

003 - IDENTIFICADOR DE NUMERO DE CONTROL

  • campo de control: UPN

005 - FECHA Y HORA DE LA ÜLTIMA TRANSACCIÓN

  • campo de control: 20220311115339.0

008 - DATOS DE LONGITUD FIJA

  • campo de control de longitud fija: 220311|| aca||aabn | a|a d

040 ## - FUENTE DE CATALOGACIÓN

  • Agencia original de catalogación: UPN

110 2# - ENCABEZAMIENTO - NOMBRE CORPORATIVO

  • Nombre corporativo o de jurisdicción como elemento de entrada : ITALIA (DIRIGIBLE)

670 ## - FUENTE EN LA QUE SE LOCALIZARON DATOS

  • Cita de la fuente : LC
  • Información localizada: Italia (Airship)

902 ## - CATALOGADOR

  • Catalogador: CAA/110322